Then của người Tày, Nùng với tín ngưỡng tôn giáo dân gian /
Đã lưu trong:
| Príomhúdar: | |
|---|---|
| Formáid: | Bài viết |
| Teanga: | Vietnamese |
| Ábhair: | |
| Clibeanna: |
Cuir Clib Leis
Gan Chlibeanna, Bí ar an gcéad duine leis an taifead seo a chlibeáil!
|
| Thư viện lưu trữ: | Thư viện Trường Đại học Đà Lạt |
|---|
| LEADER | 00877nam a2200301 4500 | ||
|---|---|---|---|
| 001 | DLU090099019 | ||
| 005 | ##20091202 | ||
| 040 | # | # | |a DLU |b vie |
| 041 | # | # | |a vie |
| 044 | # | # | |a vn |
| 100 | # | # | |a Hà Đình Thành, |c TS. |
| 245 | # | # | |a Then của người Tày, Nùng với tín ngưỡng tôn giáo dân gian / |c Hà Đình Thành. |
| 653 | # | # | |a Dân ca |
| 653 | # | # | |a Dân tộc Nùng |
| 653 | # | # | |a Dân tộc Tày |
| 653 | # | # | |a Dân tộc thiểu số |
| 653 | # | # | |a Nghi lễ |
| 653 | # | # | |a Tín ngưỡng dân gian |
| 773 | # | # | |t Văn hoá Nghệ thuật |g Số 5(215), 2002, tr. 35-39 |
| 920 | # | # | |a Phòng Tạp chí -- Trung tâm Thông tin - Thư viện Trường Đại học Đà Lạt |
| 994 | # | # | |a DLU |
| 900 | # | # | |a True |
| 911 | # | # | |a Đào Thị Thu Huyền |
| 925 | # | # | |a G |
| 926 | # | # | |a A |
| 927 | # | # | |a BB |
| 980 | # | # | |a Thư viện Trường Đại học Đà Lạt |